Multiple choice questions and answers with explanatory notes on medicine, surgery and nursing, including relevant physiology and anatomy / (Record no. 4807)

000 -LEADER
fixed length control field 00723nam a22002052 4500
003 - CONTROL NUMBER IDENTIFIER
control field ALUPE UNIVERSITY
005 - DATE AND TIME OF LATEST TRANSACTION
control field 20220329113412.0
008 - FIXED-LENGTH DATA ELEMENTS--GENERAL INFORMATION
fixed length control field 810928s1981 enk 000 0 eng d
020 ## - INTERNATIONAL STANDARD BOOK NUMBER
International Standard Book Number 034024707X (pbk)
040 ## - CATALOGING SOURCE
Transcribing agency ALUPE UNIVERSITY
050 1# - LIBRARY OF CONGRESS CALL NUMBER
Classification number RT65
Item number .H37 1981
100 1# - MAIN ENTRY--PERSONAL NAME
Personal name Harrison, R. J.
245 10 - TITLE STATEMENT
Title Multiple choice questions and answers with explanatory notes on medicine, surgery and nursing, including relevant physiology and anatomy /
Statement of responsibility, etc. R.J. Harrison.
260 ## - PUBLICATION, DISTRIBUTION, ETC.
Place of publication, distribution, etc. London :
Name of publisher, distributor, etc. Hodder and Stoughton,
Date of publication, distribution, etc. c1981.
300 ## - PHYSICAL DESCRIPTION
Extent vii, 107 p. ;
Dimensions 22 cm.
650 #0 - SUBJECT ADDED ENTRY--TOPICAL TERM
Topical term or geographic name entry element Medicine
General subdivision Problems, exercises, etc.
650 #0 - SUBJECT ADDED ENTRY--TOPICAL TERM
Topical term or geographic name entry element Nursing.
942 ## - ADDED ENTRY ELEMENTS (KOHA)
Source of classification or shelving scheme
Koha item type Book
Holdings
Withdrawn status Lost status Source of classification or shelving scheme Damaged status Not for loan Permanent Location Current Location Shelving location Date acquired Source of acquisition Total Checkouts Full call number Barcode Date last seen Price effective from Koha item type Public note
          AU LIBRARY AU LIBRARY Open Shelf 29.03.2022 DONATION FROM MOI UNIVERSITY   RT65 .H37 1981 28011671 29.03.2022 29.03.2022 Book WO

Powered by Koha